MARC

LEADER 00000nam0a2200000 4500
001 247799
005 20231101232329.0
035 |a (RuTPU)RU\TPU\book\269407 
090 |a 247799 
100 |a 20140115d1970 m y0rusy50 ca 
101 0 |a rus 
102 |a RU 
105 |a a z 001zb 
200 1 |a Глинка в Петербурге  |f А. А. Орлова  |g под ред. И. А. Орловой 
210 |a Ленинград  |c Лениздат  |d 1970 
215 |a 264 с.  |c ил. 
320 |a Вступительная статья: с. 3-4 
320 |a Краткий терминологический словарь: с. 260-261 
320 |a Использованная литература: с. 262-263 
600 1 |a Глинка  |g Михаил Иванович  |c русский композитор  |f 1804-1857  |b М. И.  |2 stltpush  |3 (RuTPU)RU\TPU\pers\572 
606 1 |a Композиторы  |2 stltpush  |3 (RuTPU)RU\TPU\subj\15032  |9 41330 
610 1 |a русские композиторы 
610 1 |a оперы 
610 1 |a оперное творчество 
610 1 |a 19 век 
675 |a 78.071.1  |v 3 
700 1 |a Орлова  |b А. А.  |g Александра Анатольевна 
702 1 |a Орлова  |b И. А.  |4 340 
801 1 |a RU  |b 63413507  |c 20140115 
801 2 |a RU  |b 63413507  |c 20210826  |g RCR 
942 |c BK